Countries with red pandas - Statistics

General Stats
  • This quiz has been taken 42 times
  • The average score is 4 of 5
Answer Stats
Answer % Correct
China
100%
India
84%
Nepal
84%
Bhutan
81%
Myanmar
62%
No matching quizzes found
Score Distribution
Percent of People with Each Score
Percentile by Number Answered
Your Score History
You have not taken this quiz